000
00293nam a2200121Ia 4500
005
20251222152555.0
008
251222s9999||||xx |||||||||||||| ||spa||
082
_a
800/A49
100
_a
Alvarez Fernandez, José
245
0
_a
Apaktone Escritos I. 1921-1940
250
_a
1ra.ed.
942
_c
LIB
999
_c
26406
_d
26406